EVERYONE'S A STAR! (Fully Evolved) - 5 Seconds of Summer (5SOS) - Statistics

General Stats
  • This quiz has been taken 43 times
  • The average score is 14 of 16
Answer Stats
# Song % Correct
1 Everyone's A Star
100%
2 NOT OK
100%
3 Telephone Busy
96%
13 Start Over
92%
11 The Rocks
92%
10 Evolve
88%
6 I'm Scared I'll Never Sleep Again
88%
7 istillfeelthesame
88%
15 Chest
85%
8 Ghost
85%
4 Boyband
81%
16 I'll Find You
81%
12 Jawbreaker
81%
5 No. 1 Obsession
81%
14 Wishful Dreaming
81%
9 Sick of Myself
77%
No matching quizzes found
Score Distribution
Percent of People with Each Score
Percentile by Number Answered
Your Score History
You have not taken this quiz